| 000 | 00413nam a2200145Ia 4500 | ||
|---|---|---|---|
| 005 | 20250318161120.0 | ||
| 008 | 231217s9999 xx 000 0 und d | ||
| 020 | _a9788184043709 | ||
| 082 | _a303.4833 SEG;5 | ||
| 100 | _aSegaran, Toby. | ||
| 245 | 0 | _aProgramming collective intelligence : building smart web 2.0 applications | |
| 260 |
_c2007 _bSPD Publishers _aBangalore |
||
| 300 | _axxi, 334 | ||
| 942 | _cAA | ||
| 999 |
_c183412 _d183412 |
||